00779nam a22001697a 4500003000900000008004100009040007100050082001700121100001800138245003500156260005300191300004400244505026400288650002500552650002000577650001200597AR-CdUCM190304b ||||| |||| 00| 0 spa d aMUNICIPALIDAD PROVINCIAL DEL CUSCOcBIBLIOTECA MUNICIPAL DEL CUSCO a970.1 /bC75 aCollier, John aLos indios de las américas / aMéxico :bFondo de Cultura Económica,c1960. a303 páginas ;bFotografías.c22 cm. aContenido: El indio americano y la remota esperanza -- Al sur del río grande -- El imperio de los incas -- Los indios de California y de las Llanuras -- El nuevo régimen para los indios -- La primera Conferencia interamericana sobre la vida indígena ... aConquista española aIndio americano aAztecas